[Event "Riga Tech Open A 2015"]
[Site "Riga LAT"]
[Date "2015.08.13"]
[Round "5.15"]
[White "Janik, Igor"]
[Black "Meskovs, Nikita"]
[Result "1-0"]
[BlackTitle "IM"]
[WhiteElo "2293"]
[BlackElo "2494"]
[WhiteFideId "1159259"]
[BlackFideId "11602740"]
[EventDate "2015.08.10"]

1. e4 e5 2. Nf3 Nc6 3. Bb5 a6 4. Ba4 Nge7 5. c3 g6 6. d4 exd4 7. cxd4 b5 8. Bc2
d5 9. Nc3 Bg7 10. e5 O-O 11. h3 f6 12. exf6 Bxf6 13. O-O Bf5 14. Bb3 Na5 15. Re1
Nc4 16. a4 c6 17. axb5 axb5 18. Rxa8 Qxa8 19. g4 b4 20. Na4 Be4 21. Rxe4 dxe4
22. Bxc4+ Nd5 23. Ne5 Bh4 24. Be3 Kh8 25. Bxd5 cxd5 26. Nb6 Qa7 27. Nxd5 Qa2 28.
Nxb4 Qxb2 29. Nc2 Rc8 30. Ne1 Ra8 31. g5 Ra1 32. Qg4 Rxe1+ 33. Kg2 Qb7 34. Qxh4
Qb1 35. Qf4 Rg1+ 36. Kh2 Rh1+ 37. Kg3 Rg1+ 38. Kh4 Qb4 39. Nf7+ 1-0

[Event "Riga Tech Open A 2015"]
[Site "Riga LAT"]
[Date "2015.08.13"]
[Round "6.2"]
[White "Naroditsky, Daniel"]
[Black "Hovhannisyan, Robert"]
[Result "0-1"]
[WhiteTitle "GM"]
[BlackTitle "GM"]
[WhiteElo "2631"]
[BlackElo "2612"]
[WhiteFideId "2026961"]
[BlackFideId "13302507"]
[EventDate "2015.08.10"]

1. e4 e5 2. Nf3 Nc6 3. Bb5 Nf6 4. O-O Nxe4 5. d4 Nd6 6. Bxc6 dxc6 7. dxe5 Nf5 8.
Qxd8+ Kxd8 9. Rd1+ Ke8 10. Nc3 Be7 11. Bg5 Bxg5 12. Nxg5 h6 13. Nge4 g5 14. b4
a6 15. a4 Nh4 16. Nc5 b6 17. Nb3 Ng6 18. Nd4 Bd7 19. Re1 a5 20. b5 c5 21. e6
cxd4 22. exd7+ Kxd7 23. Rad1 Rad8 24. Rxd4+ Kc8 25. Red1 Rxd4 26. Rxd4 Rd8 27.
Nd5 Rd6 28. Kf1 Nf4 29. c4 Ne6 30. Rd3 Nc5 31. Ra3 Re6 32. Rf3 Ne4 33. Ke2 f5
34. Kd1 Nd6 35. Re3 Rxe3 36. Nxe3 Kd7 37. Kc2 Ke6 38. Nd5 Kd7 39. Nf6+ Kd8 40.
Kd3 Nb7 41. Ng8 h5 42. Kd4 Nc5 43. Nh6 Nxa4 44. Nxf5 Nc5 45. h4 gxh4 46. Nxh4
Ke7 47. Nf5+ Kf6 48. Ne3 Ne6+ 49. Ke4 a4 50. Nd5+ Kg5 51. Kd3 Nf4+ 52. Kc3 Nxd5+
53. cxd5 Kf4 54. d6 cxd6 55. Kb4 h4 56. Kxa4 Ke4 57. Kb3 Kd3 58. Kb4 d5 59. Kb3
d4 0-1

[Event "Riga Tech Open A 2015"]
[Site "Riga LAT"]
[Date "2015.08.13"]
[Round "6.3"]
[White "Melkumyan, Hrant"]
[Black "Schroeder, Jan-Christian"]
[Result "1/2-1/2"]
[WhiteTitle "GM"]
[BlackTitle "IM"]
[WhiteElo "2633"]
[BlackElo "2473"]
[WhiteFideId "13302485"]
[BlackFideId "24662259"]
[EventDate "2015.08.10"]

1. Nf3 d5 2. d4 Nf6 3. c4 e6 4. g3 Bb4+ 5. Bd2 Bd6 6. Bc3 Ne4 7. Bg2 c6 8. O-O
O-O 9. Nbd2 Nxc3 10. bxc3 b6 11. e4 Ba6 12. Qb3 Nd7 13. Rfd1 dxc4 14. Nxc4 Bxc4
15. Qxc4 Qc7 16. e5 Be7 17. a4 Rac8 18. Qe2 Rfd8 19. c4 Nf8 20. h4 Rd7 21. h5 h6
22. Rd2 Qb7 23. d5 cxd5 24. cxd5 Bb4 25. d6 Bxd2 26. Nd4 Qb8 27. Qxd2 Rc5 28.
Nc6 Qe8 29. a5 Rb7 30. a6 Rd7 31. Rc1 Rxc1+ 32. Qxc1 f6 33. exf6 Qxh5 34. fxg7
Kxg7 35. Nb8 Rxd6 36. Qc7+ Rd7 37. Nxd7 Qd1+ 38. Kh2 Qxd7 39. Qe5+ Kg8 40. Bb7
Qd8 41. Kg2 Kf7 42. Bf3 Kg8 43. Qc3 Kf7 44. Qc6 Qe7 45. Kg1 Nh7 46. Qb7 Nf6 47.
Bc6 Ng4 48. Kg2 h5 49. Bf3 Nf6 50. Qb8 Kg6 51. Bb7 Qc5 52. Bf3 b5 53. Qb7 b4 54.
Be2 Qd5+ 55. Bf3 Qd4 56. Qc6 Kf5 57. Qb5+ e5 58. Qb8 e4 59. Be2 e3 60. fxe3 Qxe3
61. Qb5+ Kg6 62. Bd3+ Kh6 63. Qc6 Qd4 64. Qc1+ Kg7 65. Qc7+ Qd7 66. Qb7 Kh6 67.
Be2 Qd4 68. Bf3 Kg6 69. Kh3 Qe3 70. Qc6 Qc3 71. Be4+ Kg5 1/2-1/2

[Event "Riga Tech Open A 2015"]
[Site "Riga LAT"]
[Date "2015.08.13"]
[Round "6.4"]
[White "Ziska, Helgi Dam"]
[Black "Socko, Bartosz"]
[Result "1/2-1/2"]
[WhiteTitle "IM"]
[BlackTitle "GM"]
[WhiteElo "2515"]
[BlackElo "2622"]
[WhiteFideId "7200595"]
[BlackFideId "1107038"]
[EventDate "2015.08.10"]

1. e4 c5 2. Nf3 e6 3. g3 Nc6 4. Bg2 Nf6 5. Qe2 d6 6. O-O g6 7. Rd1 e5 8. c3 Bg7
9. d4 Qc7 10. Na3 O-O 11. dxc5 dxc5 12. Bg5 Be6 13. Bxf6 Bxf6 14. Nc4 Rad8 15.
Ne3 Ne7 16. Bf1 Bg7 17. Rxd8 Rxd8 18. Ng5 Bd7 19. Rd1 h6 20. Nf3 Be6 21. Rxd8+
Qxd8 22. Qb5 b6 23. Bc4 Bd7 24. Qb3 Qe8 25. Nd5 Nc8 26. Nc7 Qe7 27. Nd5 Qd8 28.
Ne3 Nd6 29. Bd5 Bh3 30. Nc4 Nxc4 31. Qxc4 Qf6 32. Nh4 h5 33. Qa4 a5 34. Qe8+ Bf8
35. f4 g5 36. Nf3 gxf4 37. Qxe5 Qxe5 38. Nxe5 fxg3 39. hxg3 Kg7 40. Nxf7 Kf6 41.
Kf2 Be7 42. Kf3 b5 43. Kf4 b4 44. cxb4 cxb4 45. e5+ Kg6 46. b3 Bg4 47. Nd6 Bg5+
48. Ke4 Bd1 49. Bf7+ Kg7 50. Kf5 Bd8 51. Bc4 1/2-1/2

[Event "Riga Tech Open A 2015"]
[Site "Riga LAT"]
[Date "2015.08.13"]
[Round "6.5"]
[White "Swiercz, Dariusz"]
[Black "Lugovskoy, Maxim"]
[Result "1/2-1/2"]
[WhiteTitle "GM"]
[BlackTitle "IM"]
[WhiteElo "2617"]
[BlackElo "2431"]
[WhiteFideId "1126881"]
[BlackFideId "24126454"]
[EventDate "2015.08.10"]

1. d4 d5 2. c4 e6 3. Nf3 a6 4. cxd5 exd5 5. Nc3 c6 6. Qc2 Bd6 7. Bg5 Ne7 8. e3
f6 9. Bh4 Bf5 10. Bd3 Bxd3 11. Qxd3 Nd7 12. O-O O-O 13. e4 dxe4 14. Nxe4 Nb6 15.
Qb3+ Ned5 16. Nc5 Qe7 17. Rfe1 Qf7 18. Bg3 Bxg3 19. hxg3 Rfe8 20. Nd2 Qc7 21.
Rac1 Kh8 22. Nb1 Re7 23. Rxe7 Qxe7 24. Nc3 Ra7 25. N5a4 Nxc3 26. Nxc3 Qd8 27.
Re1 Ra8 28. Qf7 h6 29. Qxb7 Qxd4 30. Re4 Qd8 31. Rg4 Qd7 32. Qxd7 Nxd7 33. Rd4
Ne5 34. Na4 Rb8 35. b3 Rb5 36. Kf1 c5 37. Rd8+ Kh7 38. Nc3 Rb7 39. f4 Ng4 40.
Nd5 c4 41. bxc4 Rb2 42. c5 Rc2 43. Rc8 Rd2 44. Ne7 Ne3+ 45. Ke1 Rxa2 46. c6 Rc2
47. Ra8 h5 48. Rxa6 h4 49. gxh4 Nxg2+ 50. Kd1 Ne3+ 51. Ke1 Ng2+ 52. Kd1 Ne3+ 1/2-1/2

[Event "Riga Tech Open A 2015"]
[Site "Riga LAT"]
[Date "2015.08.13"]
[Round "6.6"]
[White "Jumabayev, Rinat"]
[Black "Ankit, R. Rajpara"]
[Result "1-0"]
[WhiteTitle "GM"]
[BlackTitle "GM"]
[WhiteElo "2600"]
[BlackElo "2460"]
[WhiteFideId "13702661"]
[BlackFideId "5023335"]
[EventDate "2015.08.10"]

1. d4 d5 2. c4 c6 3. Nf3 Nf6 4. Qb3 dxc4 5. Qxc4 Bg4 6. Bf4 Nbd7 7. Nbd2 Qa5 8.
a3 Nb6 9. Qb3 Nh5 10. Be5 Nf6 11. O-O-O e6 12. e4 Be7 13. Bd3 O-O 14. Qc2 Nfd7
15. Bc7 Rac8 16. Nc4 Qh5 17. Bd6 Nxc4 18. Bxe7 Rfe8 19. Bb4 Ncb6 20. Bc3 c5 21.
Be2 cxd4 22. Rxd4 Nc5 23. Kb1 e5 24. Rb4 f6 25. Rd1 Qf7 26. Nxe5 fxe5 27. Bxg4
Rc6 28. Qe2 a5 29. Rb5 Nba4 30. Bxa5 Nb3 31. Qe3 Nd4 32. Rxe5 Rxe5 33. Qxd4 Qe8
34. Bd7 1-0

[Event "Riga Tech Open A 2015"]
[Site "Riga LAT"]
[Date "2015.08.13"]
[Round "6.7"]
[White "Baron, Tal"]
[Black "Neiksans, Arturs"]
[Result "1-0"]
[WhiteTitle "GM"]
[BlackTitle "GM"]
[WhiteElo "2524"]
[BlackElo "2596"]
[WhiteFideId "2809958"]
[BlackFideId "11601388"]
[EventDate "2015.08.10"]

1. d4 Nf6 2. c4 e6 3. Nc3 Bb4 4. f3 d5 5. a3 Bxc3+ 6. bxc3 c5 7. cxd5 Nxd5 8.
dxc5 f5 9. Nh3 O-O 10. Nf4 Nc6 11. Nxd5 exd5 12. Bf4 Qa5 13. Qxd5+ Kh8 14. Qd2
Be6 15. e3 Rfd8 16. Qb2 Qxc5 17. Kf2 Ne7 18. Qb4 Rac8 19. Bg5 Rd2+ 20. Ke1 Rd7
21. Bb5 Rdc7 22. Kf2 Ng6 23. h4 f4 24. Qxc5 Rxc5 25. Bd3 Rxc3 26. Be4 Rxe3 27.
h5 Ne5 28. Bxf4 Ng4+ 29. Kg1 Rxe4 30. fxe4 Rc4 31. Re1 h6 32. Rh3 Nf6 33. Rh4 b5
34. Be5 Ng4 35. Ba1 Ra4 36. Rh3 Nf6 37. Rd3 Nxe4 38. Rd8+ Kh7 39. Re8 Ng5 40.
R8xe6 Nxe6 41. Rxe6 Rxa3 42. Be5 Re3 43. Kf2 Re4 44. Kf3 Re1 45. Re7 Kg8 46.
Rxg7+ Kf8 47. Bc3 Rf1+ 48. Ke2 Rh1 49. g4 Rh2+ 50. Kd1 b4 51. Be5 Rh1+ 52. Kd2
a5 53. Rg6 Rg1 54. Kc2 Kf7 55. Kb3 Re1 56. Bd4 Rd1 57. Bg7 Rd3+ 58. Kc4 Rg3 59.
Bxh6 b3 60. Bc1 a4 61. Kb4 b2 62. Bxb2 Rb3+ 63. Kxa4 Rxb2 64. g5 Ra2+ 65. Kb4
Rb2+ 66. Kc4 Ra2 67. Rc6 Ra4+ 68. Kd5 Rg4 69. g6+ Kg7 70. Rc7+ Kf6 71. Rh7 Rg1
72. Kc6 Rc1+ 73. Kd7 Rd1+ 74. Ke8 Ra1 75. Rf7+ Kg5 76. Re7 Kh6 77. Kf8 Ra8+ 78.
Kf7 Rb8 79. g7 Kh7 80. h6 Rg8 81. Re8 1-0

[Event "Riga Tech Open A 2015"]
[Site "Riga LAT"]
[Date "2015.08.13"]
[Round "6.8"]
[White "Georgiadis, Nico"]
[Black "Kulaots, Kaido"]
[Result "1/2-1/2"]
[WhiteTitle "IM"]
[BlackTitle "GM"]
[WhiteElo "2485"]
[BlackElo "2573"]
[WhiteFideId "1300113"]
[BlackFideId "4500261"]
[EventDate "2015.08.10"]

1. d4 Nf6 2. c4 g6 3. g3 Bg7 4. Bg2 O-O 5. Nc3 c5 6. d5 d6 7. Nf3 e6 8. O-O exd5
9. cxd5 Re8 10. Bf4 Na6 11. Re1 Bg4 12. h3 Bxf3 13. Bxf3 Qd7 14. Qb3 Qxh3 15.
Qxb7 Nb4 16. Rac1 Rab8 17. Qc7 Bf8 18. a3 Na6 19. Qa5 Qc8 20. b4 Qb7 21. Rb1
cxb4 22. axb4 Nxb4 23. Be3 Qa6 24. Qxa6 Nxa6 25. Bxa7 Rbc8 26. Bd4 Nd7 27. Nb5
Nac5 28. Rec1 Rb8 29. Rc2 Rb6 30. Rcb2 Reb8 31. Nc7 Rxb2 32. Rxb2 Rc8 33. Nb5
Ra8 34. Nc7 Rc8 35. Nb5 Ra8 36. Nc7 Rc8 1/2-1/2

[Event "Riga Tech Open A 2015"]
[Site "Riga LAT"]
[Date "2015.08.13"]
[Round "6.9"]
[White "Dragun, Kamil"]
[Black "Korchmar, Vasiliy"]
[Result "1/2-1/2"]
[WhiteTitle "GM"]
[BlackTitle "IM"]
[WhiteElo "2572"]
[BlackElo "2400"]
[WhiteFideId "1134167"]
[BlackFideId "24131750"]
[EventDate "2015.08.10"]

1. d4 d5 2. c4 c6 3. Nf3 Nf6 4. e3 Bg4 5. Nc3 e6 6. Qb3 Qb6 7. Nh4 Nbd7 8. h3
Bh5 9. g4 Bg6 10. Nxg6 hxg6 11. Bg2 g5 12. Bd2 Be7 13. Rc1 Rd8 14. cxd5 Qxb3 15.
axb3 exd5 16. Ke2 Nf8 17. f4 gxf4 18. exf4 Ne6 19. Kd3 Ne4 20. Bxe4 dxe4+ 21.
Nxe4 Nxd4 22. Ke3 Nxb3 23. Rcd1 Nxd2 24. Rxd2 Rxd2 25. Nxd2 Kd7 26. Ne4 Kc7 27.
g5 g6 28. h4 a5 29. Kf3 a4 30. Kg4 b5 31. f5 a3 32. f6 Bb4 33. bxa3 Bxa3 34. Rh3
b4 35. Nd2 Rd8 36. Nb3 Kb6 37. h5 gxh5+ 38. Rxh5 Rf8 39. Kf5 c5 40. g6 fxg6+ 41.
Kxg6 c4 42. Nd2 c3 43. Nc4+ 1/2-1/2

[Event "Riga Tech Open A 2015"]
[Site "Riga LAT"]
[Date "2015.08.13"]
[Round "6.10"]
[White "Janik, Igor"]
[Black "Troff, Kayden W"]
[Result "1-0"]
[BlackTitle "GM"]
[WhiteElo "2293"]
[BlackElo "2532"]
[WhiteFideId "1159259"]
[BlackFideId "2047896"]
[EventDate "2015.08.10"]

1. e4 c5 2. Nf3 d6 3. d4 cxd4 4. Nxd4 Nf6 5. Nc3 a6 6. h3 e5 7. Nde2 h5 8. Bg5
Be6 9. Bxf6 Qxf6 10. Nd5 Qd8 11. Nec3 Nd7 12. Bc4 Rc8 13. Bb3 g6 14. O-O Bh6 15.
Qe2 O-O 16. Rad1 Nc5 17. Kh2 Qh4 18. Qe1 Kg7 19. f3 Qd8 20. g3 h4 21. g4 b5 22.
Qe2 Qg5 23. Kh1 Rfd8 24. a3 Rb8 25. Ba2 Rdc8 26. b4 Nd7 27. Rd3 Rc6 28. Bb3 Nb6
29. a4 bxa4 30. Nxa4 Nc4 31. Bxc4 Rxc4 32. Nb2 Bxd5 33. Rxd5 Rc3 34. Nd1 Ra3 35.
c3 Qc1 36. Rxd6 a5 37. Rd3 Ra1 38. Ne3 Qa3 39. Rxa1 Qxa1+ 40. Rd1 Qxc3 41. Nd5
Qa3 42. Rd3 Qa1+ 43. Rd1 Qa3 44. Rd3 Qa4 45. Qb2 1-0

[Event "Riga Tech Open A 2015"]
[Site "Riga LAT"]
[Date "2015.08.13"]
[Round "6.12"]
[White "Fridman, Daniel"]
[Black "Gavrilov, Alexei1"]
[Result "1/2-1/2"]
[WhiteTitle "GM"]
[BlackTitle "GM"]
[WhiteElo "2639"]
[BlackElo "2439"]
[WhiteFideId "11600454"]
[BlackFideId "4104358"]
[EventDate "2015.08.10"]

1. d4 Nf6 2. c4 e6 3. Nf3 d5 4. Nc3 Bb4 5. Bg5 h6 6. Bxf6 Qxf6 7. Qa4+ Nc6 8. e3
O-O 9. Qc2 e5 10. dxe5 Nxe5 11. Nxe5 Qxe5 12. cxd5 Qxd5 13. a3 Bxc3+ 14. Qxc3
Rd8 15. f3 Be6 16. Be2 c5 17. Kf2 b6 18. Rad1 Qb3 19. e4 f6 20. Qc1 c4 21. Qc3
Qb5 22. Qb4 Qxb4 23. axb4 a5 24. bxa5 bxa5 25. Rxd8+ Rxd8 26. Ra1 Rd2 27. Ke3
Rxb2 28. Rxa5 c3 29. Rc5 c2 30. h4 Bb3 31. Bd3 c1=Q+ 32. Rxc1 Rxg2 33. f4 Rg3+
34. Kd4 Rg4 35. Rc8+ Kf7 36. f5 Ke7 37. Rb8 Bf7 38. Rb7+ Kf8 39. Rb8+ Ke7 40.
Rb7+ 1/2-1/2

[Event "Riga Tech Open A 2015"]
[Site "Riga LAT"]
[Date "2015.08.13"]
[Round "6.13"]
[White "Petrov, Nikita"]
[Black "Oleksiyenko, Mykhaylo"]
[Result "1/2-1/2"]
[WhiteTitle "IM"]
[BlackTitle "GM"]
[WhiteElo "2446"]
[BlackElo "2638"]
[WhiteFideId "4101286"]
[BlackFideId "4152417"]
[EventDate "2015.08.10"]

1. Nf3 c5 2. g3 d5 3. Bg2 Nf6 4. O-O g6 5. c3 Bg7 6. d4 Qb6 7. c4 cxd4 8. Nxd4
dxc4 9. Na3 Ng4 10. e3 Ne5 11. f4 Nec6 12. Nxc4 Qa6 13. b3 O-O 14. Bb2 Rd8 15.
Qe2 Nxd4 16. exd4 e6 17. Rad1 Qxa2 1/2-1/2

[Event "Riga Tech Open A 2015"]
[Site "Riga LAT"]
[Date "2015.08.13"]
[Round "6.14"]
[White "Lapshun, Yury"]
[Black "Gretarsson, Hjorvar Steinn"]
[Result "1/2-1/2"]
[WhiteTitle "IM"]
[BlackTitle "GM"]
[WhiteElo "2439"]
[BlackElo "2567"]
[WhiteFideId "2006960"]
[BlackFideId "2302241"]
[EventDate "2015.08.10"]

1. e4 c5 2. Ne2 Nc6 3. Nbc3 e5 4. g3 d6 5. Bg2 g6 6. d3 Bg7 7. Be3 Be6 8. Qd2
Nd4 9. O-O Ne7 10. Bxd4 cxd4 11. Nd5 O-O 12. Nxe7+ Qxe7 13. c3 dxc3 14. Nxc3
Rac8 15. Rac1 h5 16. Bf3 Kh7 17. Qd1 Qd7 18. Re1 Rc5 19. Nd5 Rxc1 20. Qxc1 Rc8
21. Nc3 b5 22. Qd1 b4 23. Nd5 Bxd5 24. exd5 a5 25. Qb3 Bh6 26. Re4 Rc1+ 27. Kg2
Qb5 28. Rc4 Rxc4 29. Qxc4 Qxc4 30. dxc4 Bf8 31. Bd1 Bh6 32. Bf3 Kg7 33. Bd1 Bc1
34. b3 f5 35. f3 Kf6 1/2-1/2

[Event "Riga Tech Open A 2015"]
[Site "Riga LAT"]
[Date "2015.08.13"]
[Round "6.15"]
[White "Iovcov, Valerii"]
[Black "Burmakin, Vladimir"]
[Result "1/2-1/2"]
[WhiteTitle "FM"]
[BlackTitle "GM"]
[WhiteElo "2423"]
[BlackElo "2558"]
[WhiteFideId "13903837"]
[BlackFideId "4105109"]
[EventDate "2015.08.10"]

1. e4 c6 2. d4 d5 3. e5 Bf5 4. Nf3 e6 5. Be2 Ne7 6. O-O h6 7. Nbd2 Bh7 8. Nb3
Ng6 9. a4 Be7 10. a5 O-O 11. Be3 Na6 12. g3 Nc7 13. h4 f6 14. h5 Nh8 15. exf6
Bxf6 16. Nc5 Rb8 17. Bf4 Re8 18. Bd3 Bxd3 19. Qxd3 Nf7 20. Rfe1 Qc8 21. Re2 Ra8
22. Bxc7 Qxc7 23. Nxe6 Qd6 24. Rae1 Re7 25. Qg6 Nh8 26. Qf5 Rae8 27. Nh2 Kf7 28.
Nf4 Rxe2 29. Rxe2 Rxe2 30. Nxe2 Qe6 31. Qd3 Ke8 32. Nf1 Nf7 33. Ne3 Ng5 34. Nf4
Qe4 35. Qxe4+ Nxe4 36. Ne2 Nd6 37. c3 Bd8 38. b4 b6 39. axb6 axb6 40. f3 Kf7 41.
Ng4 Bf6 42. Ne5+ Bxe5 43. dxe5 Nc4 44. f4 c5 45. bxc5 bxc5 46. Kf2 g6 47. hxg6+
Kxg6 48. g4 h5 49. g5 Kf5 50. Kg3 Kg6 51. Kf2 Kf5 52. Kg3 Kg6 53. Kf3 Nd2+ 54.
Ke3 Nc4+ 55. Kf3 Nd2+ 56. Kg3 Nc4 57. Kh3 Nd2 58. e6 Ne4 59. Ng3 Nd6 60. Kh4 d4
61. cxd4 cxd4 62. f5+ Kh7 63. Kxh5 d3 64. g6+ Kg8 65. Nf1 Nxf5 66. Kg5 Ne7 67.
Kh6 Nf5+ 68. Kg5 Ne7 69. Kf6 Nd5+ 70. Ke5 Ne7 1/2-1/2

[Event "Riga Tech Open A 2015"]
[Site "Riga LAT"]
[Date "2015.08.14"]
[Round "7.2"]
[White "Baron, Tal"]
[Black "Jumabayev, Rinat"]
[Result "1-0"]
[WhiteTitle "GM"]
[BlackTitle "GM"]
[WhiteElo "2524"]
[BlackElo "2600"]
[WhiteFideId "2809958"]
[BlackFideId "13702661"]
[EventDate "2015.08.10"]

1. e4 e5 2. Nf3 Nc6 3. Bb5 Bc5 4. c3 Nf6 5. d4 Bb6 6. Nxe5 Qe7 7. Bf4 Nxe4 8.
O-O Nxe5 9. Bxe5 O-O 10. Re1 d5 11. Nd2 f5 12. Bf4 c5 13. Bf1 cxd4 14. cxd4 Be6
15. Nb3 g5 16. Be5 Bf7 17. g3 Rac8 18. Rc1 Rc6 19. Kg2 f4 20. f3 Bh5 21. Rxc6
bxc6 22. g4 Bg6 23. fxe4 f3+ 24. Kg3 h5 25. exd5 f2 26. Re3 cxd5 27. gxh5 Be4
28. h6 Bc7 29. Rxe4 dxe4 30. h7+ Qxh7 31. Bc4+ Rf7 32. Bxc7 e3 33. Qf3 f1=Q 34.
Qxf1 Qh4+ 35. Kg2 Qe4+ 36. Kg1 1-0

[Event "Riga Tech Open A 2015"]
[Site "Riga LAT"]
[Date "2015.08.14"]
[Round "7.3"]
[White "Socko, Bartosz"]
[Black "Janik, Igor"]
[Result "1-0"]
[WhiteTitle "GM"]
[WhiteElo "2622"]
[BlackElo "2293"]
[WhiteFideId "1107038"]
[BlackFideId "1159259"]
[EventDate "2015.08.10"]

1. c4 Nf6 2. Nf3 g6 3. g3 Bg7 4. Bg2 d5 5. cxd5 Nxd5 6. Nc3 Nb6 7. O-O Nc6 8. d3
O-O 9. Bd2 e5 10. Rc1 h6 11. Ne4 f5 12. Nc5 Qe8 13. b4 Kh7 14. Ne1 Nd8 15. a4 c6
16. Nc2 Ne6 17. Ne3 f4 18. Nc4 Nxc4 19. Rxc4 Nd4 20. Bc3 Bg4 21. Bxd4 exd4 22.
Be4 Bh3 23. Nxb7 Bxf1 24. Qxf1 fxg3 25. hxg3 Rf6 26. Na5 Rc8 27. Qh3 Qf8 28. f3
c5 29. Nb7 Rc7 30. Nxc5 Qe7 31. a5 Rd6 32. Kg2 Rdc6 33. Rc2 Rd6 34. Rc4 Kh8 35.
Qg4 h5 36. Qf4 Kh7 37. Qc1 Bh6 38. Qh1 Kg7 39. Qh3 Bd2 40. Ne6+ Rxe6 41. Rxc7
Qxc7 42. Qxe6 Qf7 43. Qe5+ Qf6 44. Qc7+ Qf7 45. Qc5 Bc3 46. b5 Bxa5 47. Qxd4+ 1-0

[Event "Riga Tech Open A 2015"]
[Site "Riga LAT"]
[Date "2015.08.14"]
[Round "7.5"]
[White "Wan, Yunguo"]
[Black "Melkumyan, Hrant"]
[Result "1/2-1/2"]
[WhiteTitle "IM"]
[BlackTitle "GM"]
[WhiteElo "2472"]
[BlackElo "2633"]
[WhiteFideId "8603189"]
[BlackFideId "13302485"]
[EventDate "2015.08.10"]

1. e4 e5 2. Nf3 Nc6 3. Bb5 a6 4. Ba4 Nf6 5. O-O Be7 6. Re1 b5 7. Bb3 d6 8. c3
O-O 9. h3 Bb7 10. d4 Re8 11. Nbd2 exd4 12. cxd4 Na5 13. Bc2 Nd7 14. Nf1 Bf6 15.
N1h2 c5 16. Ng4 Bxd4 17. Nxd4 cxd4 18. Qxd4 Rc8 19. b4 Rxc2 20. bxa5 Nc5 21. f3
Qxa5 22. Bh6 Ne6 23. Qxd6 Qc7 24. Qxc7 Rxc7 25. Be3 h5 26. Nf2 Rc3 27. a4 Rec8
28. axb5 axb5 29. Rab1 Bc6 30. h4 Nf8 31. Nd1 Rd3 32. Nf2 Rdd8 33. Bb6 Rd7 34.
Rec1 Rb7 35. Ba5 Bd7 36. Nd3 Rxc1+ 37. Rxc1 Be6 38. Rc5 Ng6 39. Rxh5 Bc4 40. Nb2
Ba2 41. Bb4 f6 42. Rc5 Nxh4 43. Nd3 Rd7 44. Nf4 Bc4 45. Kh2 Kf7 46. e5 fxe5 47.
Rxe5 g6 48. Rc5 Nf5 49. Rc6 Ne7 50. Rb6 Nd5 51. Nxd5 Rxd5 52. Kg3 Bd3 53. Rd6
Rxd6 54. Bxd6 Ke6 55. Bf8 Ke5 1/2-1/2

[Event "Riga Tech Open A 2015"]
[Site "Riga LAT"]
[Date "2015.08.14"]
[Round "7.6"]
[White "Prasanna, Raghuram Rao"]
[Black "Swiercz, Dariusz"]
[Result "1/2-1/2"]
[WhiteTitle "IM"]
[BlackTitle "GM"]
[WhiteElo "2424"]
[BlackElo "2617"]
[WhiteFideId "5022401"]
[BlackFideId "1126881"]
[EventDate "2015.08.10"]

1. e4 e5 2. Nf3 Nc6 3. Bb5 a6 4. Ba4 Nf6 5. O-O Be7 6. d3 d6 7. c3 O-O 8. Re1 b5
9. Bc2 Re8 10. Nbd2 Bf8 11. Nf1 h6 12. Ng3 d5 13. a4 dxe4 14. Nxe4 b4 15. d4 Bf5
16. Nxf6+ Qxf6 17. Nxe5 Nxe5 18. dxe5 Rxe5 19. Rxe5 Qxe5 20. Bxf5 bxc3 21. bxc3
Qxf5 22. Be3 Rb8 23. g3 Bd6 24. Qd4 Re8 25. Qc4 a5 26. Rd1 Re5 27. Qc6 Kh7 28.
Qc4 h5 29. Rd4 Bc5 30. Rf4 Qb1+ 31. Kg2 Qb7+ 32. Kh3 Qc8+ 33. Kg2 Qb7+ 34. Kh3
Qc8+ 35. Kg2 Qb7+ 1/2-1/2

[Event "Riga Tech Open A 2015"]
[Site "Riga LAT"]
[Date "2015.08.14"]
[Round "7.7"]
[White "Kulaots, Kaido"]
[Black "Krivonosov, Oleg"]
[Result "1/2-1/2"]
[WhiteTitle "GM"]
[BlackTitle "IM"]
[WhiteElo "2573"]
[BlackElo "2462"]
[WhiteFideId "4500261"]
[BlackFideId "11600349"]
[EventDate "2015.08.10"]

1. d4 d5 2. c4 e6 3. Nc3 Be7 4. Nf3 Nf6 5. Qc2 c5 6. dxc5 O-O 7. Bg5 Qa5 8. cxd5
exd5 9. e3 Qxc5 10. Be2 Nc6 11. Rd1 Be6 12. Nd4 Nxd4 13. Rxd4 h6 14. Bh4 Rac8
15. Qa4 Qb6 16. Rd2 Qb4 1/2-1/2

[Event "Riga Tech Open A 2015"]
[Site "Riga LAT"]
[Date "2015.08.14"]
[Round "7.8"]
[White "Schroeder, Jan-Christian"]
[Black "Dragun, Kamil"]
[Result "1-0"]
[WhiteTitle "IM"]
[BlackTitle "GM"]
[WhiteElo "2473"]
[BlackElo "2572"]
[WhiteFideId "24662259"]
[BlackFideId "1134167"]
[EventDate "2015.08.10"]

1. e4 c5 2. Nf3 d6 3. d4 cxd4 4. Nxd4 Nf6 5. Nc3 a6 6. Be3 e5 7. Nf3 Be7 8. Bc4
O-O 9. O-O Qc7 10. Bb3 Be6 11. Nh4 g6 12. Bh6 Rd8 13. Nf3 Nc6 14. Bg5 Rac8 15.
Bxf6 Bxf6 16. Nd5 Bxd5 17. Qxd5 Na5 18. c3 b5 19. Rfe1 Qe7 20. Rad1 Kg7 21. Qd3
Nc4 22. Qe2 Rc5 23. Rd3 a5 24. Red1 Nb6 25. a3 Qc7 26. h4 h5 27. g3 Qc6 28. Bd5
Qc7 29. Nh2 Rb8 30. Bb3 Rc6 31. Nf1 Nd7 32. Bd5 Ra6 33. Rf3 Qa7 34. Ne3 b4 35.
Bc4 Rc6 36. Bb5 Rc5 37. Bxd7 bxa3 38. Ba4 Rxb2 39. Qd3 a2 40. Bc2 Rcb5 41. Ra1
Qc5 42. Kg2 Bd8 43. Ba4 Rb7 44. Nc4 Rb1 45. Rxa2 Rc1 46. Bc2 a4 47. Nxd6 Re7 48.
Rxa4 Rxc2 49. Qxc2 Qxd6 50. Rd3 Qb8 51. Rd5 1-0

[Event "Riga Tech Open A 2015"]
[Site "Riga LAT"]
[Date "2015.08.14"]
[Round "7.9"]
[White "Lugovskoy, Maxim"]
[Black "Chigaev, Maksim"]
[Result "1/2-1/2"]
[WhiteTitle "IM"]
[BlackTitle "IM"]
[WhiteElo "2431"]
[BlackElo "2519"]
[WhiteFideId "24126454"]
[BlackFideId "4108116"]
[EventDate "2015.08.10"]

1. e4 c6 2. d4 d5 3. Nc3 dxe4 4. Nxe4 Bf5 5. Ng3 Bg6 6. Nh3 e6 7. Nf4 Qh4 8.
Nge2 Nd7 9. g3 Qd8 10. Bg2 Ngf6 11. Nxg6 hxg6 12. O-O Bd6 13. c3 O-O 14. Bf4 Qc7
15. Qb3 Bxf4 16. Nxf4 Rfe8 17. Rfe1 Qb6 18. Nd3 Rab8 19. Rad1 Rec8 20. Qc2 c5
21. dxc5 Nxc5 22. Nxc5 Qxc5 23. Rd3 Re8 1/2-1/2

[Event "Riga Tech Open A 2015"]
[Site "Riga LAT"]
[Date "2015.08.14"]
[Round "7.10"]
[White "Korchmar, Vasiliy"]
[Black "Ziska, Helgi Dam"]
[Result "1/2-1/2"]
[WhiteTitle "IM"]
[BlackTitle "IM"]
[WhiteElo "2400"]
[BlackElo "2515"]
[WhiteFideId "24131750"]
[BlackFideId "7200595"]
[EventDate "2015.08.10"]

1. d4 Nf6 2. c4 g6 3. Nc3 Bg7 4. e4 d6 5. h3 O-O 6. Nf3 e5 7. d5 Nh5 8. g3 f5 9.
exf5 gxf5 10. Ng5 Qe8 11. Be2 Nf6 12. Be3 Na6 13. Qd2 Nc5 14. O-O-O h6 15. Nf3
Nfe4 16. Nxe4 Nxe4 17. Qc2 c6 18. Nd2 Nf6 19. dxc6 bxc6 20. Nb3 Qe7 21. f4 Re8
22. Rhe1 a5 23. fxe5 dxe5 24. Nc5 Rb8 25. Qd2 a4 26. Qd6 Qxd6 27. Rxd6 a3 28. b3
f4 1/2-1/2